| 000 | 00998nam a2200253Ia 4500 | ||
|---|---|---|---|
| 003 | OSt | ||
| 005 | 20221002045606.0 | ||
| 006 | a|||||r|||| 00| 0 | ||
| 007 | ta | ||
| 008 | 220930b |||||||| |||| 00| 0 hin d | ||
| 020 |
_a9788126029426 (hbk) _c1500 |
||
| 024 | _a105516 | ||
| 037 |
_b1465, 17/03/2011, Kiran Book Service _cReference Collections |
||
| 040 |
_aCRL _cCRL _bhin |
||
| 041 |
_2hin _ahin |
||
| 082 | _aO152,3M80x, Q0.1-.6(RR) | ||
| 100 | _aप्रेमचंद | ||
| 245 | 0 | _aप्रेमचंद कहानी रचनावली | |
| 260 |
_aनई _bदिल्ली साहित्य अकादमी _c2010 |
||
| 490 | _vखंड 1 | ||
| 700 | _a गोयनका, कमल किशोर, संपा. | ||
| 942 |
_hO152,3M80x, Q0.1-.6(RR) _cref _2CC |
||
| 999 |
_c912711 _d912711 |
||